000 01346cam a22002654a 4500
020 _a0821354272
040 _cDDC
082 _a330 WOR 2003 A065 Or.
110 2 _aWorld Bank.
245 1 4 _aThe Little Green Data Book 2003
260 _aWashington, D.C. :
_bThe World Bank,
_c2003.
300 _a1 online resource (240 p.)
490 1 _aWorld Development Indicators
520 3 _aThe Little Green Data Book 2003 is a pocket-sized ready reference on key environmental data for over 200 countries. Key indicators are organized under the headings of agriculture, forestry, biodiversity, energy, emission and pollution, and water and sanitation. The World Bank's mission is to fight poverty for lasting results. Enhancing environmental quality, improving natural resource management, and maintaining global ecosystems are all important steps towards this goal, and The Little Green Data Book provides a baseline against which to measure progress.
650 4 _aClimate Change.
650 4 _aEnergy.
650 4 _aEnergy and Environment.
650 4 _aEnergy Production and Transportation.
650 4 _aEnvironment.
650 4 _aEnvironment and Energy Efficiency.
650 4 _aEnvironmental Economics and Policies.
710 2 _aWorld Bank.
856 4 0 _uhttp://elibrary.worldbank.org/content/book/9780821354278
942 _cEK
999 _c14391
_d14391